| 000 | 00934nac a22002897a 4500 | ||
|---|---|---|---|
| 001 | BR6002272 | ||
| 003 | BR-BrBNA | ||
| 005 | 20240105113033.0 | ||
| 008 | 230509b bl.|||m| |||| 00| 0 por d | ||
| 040 |
_aBR-BrBNA _bpor _cBiblioteca Nacional de Agricultura |
||
| 072 | _aH20 | ||
| 090 | _a2121 BR6002272 | ||
| 100 | 1 | _aAlbuquerque, F.C. | |
| 110 | 1 | _aServico de Informacao Agricola, Rio de Janeiro, GB (Brasil) | |
| 245 | 1 | _aAntracnose do guarana [Paullinia cupana; Colletotrichum linoemuthianum; Amazonas; Brasil] | |
| 260 | 3 |
_aRio de Janeiro, GB (Brasil): _c1961. |
|
| 300 | _a22 p. | ||
| 490 |
_aEstudos Tecnicos - Servico de Informacao Agricola (Brazil) _vno. 18 _x |
||
| 500 | _a22 ref.; Summaries (En, Fr, Pt) | ||
| 650 | _aDoenca de planta | ||
| 650 | _aGuarana | ||
| 650 | _aAntracnose | ||
| 650 | _aFungo | ||
| 650 | _aAmazonas | ||
| 909 |
_a202312 _bLúcia Elande _c55 _dLúcia Elande |
||
| 942 |
_2AGRIS _n0 _cMS |
||
| 999 |
_c261537 _d261537 |
||